=LDR 00000nam 2200000 4500 =001 INLIS000000000040399 =005 20130612145951 =008 ***********************************ind** =035 ##$$0010-061300000040399 =041 ##$$a ind =082 ##$$a 384.553 2 =090 ##$$a 384.553 2, Noy a =100 ##$$a NOYA, Andy F =245 ##$$a Andy corner, Andy f noya,Pennyunting, Imam risdiyanto =260 ##$$a 2009 $b Yogyakarta =300 ##$$a X,287 Hlm, Ilus, 20 cm =650 ##$$a TELEVISI-PENYIARAN =700 ##$$a RISDIYANTO, Imam =850 ##$$a NBPNMAT